000 01482nam a22003857a 4500
003 CHAP
005 20220329143813.0
008 110912s2011 mx r 00010 spa d
010 _a102086
011 _a103058
035 _a113747
040 _cCHAP
090 _aTesis
100 1 _aOsorio Ramírez, Cecilia.
_984236
245 1 0 _aConductividad hidráulica del tallo y su relación con la vida de florero en Rosa sp.
_h[En línea]
_c/por Cecilia Osorio Ramírez
260 _aChapingo, Méx. :
_bEl autor,
_c2011
500 _aPara ver el contenido del material haga clic en la liga
502 _aTesis (M.C. En Horticultura) -- UACH. Departamento de Fitotecnia
590 _aALEPH
_b10
_c20130110
_lUCH01
_h1542
590 _aBATCH-UPD
_b10
_c20130110
_lUCH01
_h1051
590 _aBATCH-UPD
_b10
_c20130410
_lUCH01
_h0648
590 _aBATCH-UPD
_b10
_c20130914
_lUCH01
_h1029
590 _aBATCH-UPD
_b10
_c20140324
_lUCH01
_h1527
590 _aBATCH-UPD
_b10
_c20141002
_lUCH01
_h0850
590 _aCONVERSION
_b10
_c20130109
_lUCH01
_h1356
650 1 4 _aConductividad hidráulica.
_926345
650 1 4 _aRosas
_xFloración.
_999972
650 1 4 _aRosas
_xVariedades.
_999992
650 1 4 _aTallo.
_9111494
856 _3Finding aid
_uhttp://10.13.5.2/tesis/113747.pdf
_zTeclea aqui
901 _aBK
942 _cFOLL
949 _aTesis
_bBC
_cTES
_d33724002303421
_eTS1
_gDonaciØn
_h52725
_i113747
_st
949 _aTesis
_bBC
_cTES
_d33724002303462
_eTS2
_fc.2
_gDonaciØn
_h52726
_i113747
_st
999 _c102086
_d102086